00958cam 22002771 4500001000800000005001700008008004100025035002100066906004500087010001700132035001800149040002500167050001900192082001200211100002600223245013400249260004200383300003700425500003800462650002400500650002500524650002800549985002100577991004700598099003500645831449419980421192106.0720113s1940 ilu 000 0 eng  9(DLC) 40007757 a7bcbccoclcrplduencipf19gy-gencatlg a 40007757  a(OCoLC)218078 aDLCcOAUdOCoLCdDLC00aPR1111.S3bM25 a820.8221 aMcColley, Grant,eed.10aLiterature and science;ban anthology from English and American literature, 1600-1900,cselected and edited by Grant McColley ... aChicago,bPackard and Company,c1940. a2 p. l., iii-xii, 528 p.c23 cm. a"Biographical notes": p. 519-528. 0aEnglish literature. 0aAmerican literature. 0aLiterature and science. eOCLC REPLACEMENT bc-GenCollhPR1111.S3iM25tCopy 1wOCLCREP amccolley-literature-1072279659